banner koha

Características pedológicas y utilización de algunos suelos halomórficos de los Bajos Submeridionales, Argentina (Registro n. 340966)

MARC details
000 -LÍDER
campo de controle de tamanho fixo 00808nas a2200265 454500
001 - NÚMERO DE CONTROLE
campo de controle IICA0700982
003 - IDENTIFICADOR DO NÚMERO DE CONTROLE
campo de controle BR-BrBNA
005 - DATA E HORÁRIO DA ÚLTIMA TRANSAÇÃO
campo de controle 20260323111600.0
007 - CAMPO FIXO DE DESCRIÇÃO FÍSICA--INFORMAÇÃO GERAL
campo de controle de tamanho fixo ta
008 - CAMPO DE DADOS FIXOS--INFORMAÇÃO GERAL
campo de controle de tamanho fixo 260323b bl.|||p| |||| 00| 00por d
040 ## - FONTE DA CATALOGAÇÃO
Instituição da catalogação original BR-BrBNA
Idioma da catalogação por
Instituição que transcreveu o registro Biblioteca Nacional de Agricultura
041 ## - CÓDIGO DE IDIOMA
Código do idioma do texto/trilha sonora ou título diferente (Es)
072 ## - CÓDIGO DE CATEGORIA DE ASSUNTO
Código de Categoria de Assunto P30
100 1# - ENTRADA PRINCIPAL--NOME PESSOAL
Nome pessoal Morrás, H.J.M.
100 1# - ENTRADA PRINCIPAL--NOME PESSOAL
Nome pessoal Perman, S.
245 1# - TÍTULO
Título Características pedológicas y utilización de algunos suelos halomórficos de los Bajos Submeridionales, Argentina
300 ## - DESCRIÇÃO FÍSICA
Extensão v. 27(4) p. 397-403
650 ## - ASSUNTO--TERMO TÓPICO
Cabeçalho tópico ou nome geográfico SOLO
650 ## - ASSUNTO--TERMO TÓPICO
Cabeçalho tópico ou nome geográfico SOLO HIDROMORFICO
650 ## - ASSUNTO--TERMO TÓPICO
Cabeçalho tópico ou nome geográfico PEDOLOGIA
650 ## - ASSUNTO--TERMO TÓPICO
Cabeçalho tópico ou nome geográfico ARGENTINA
773 0# - ENTRADA ANALÍTICA
Título TURRIALBA (IICA)
-- 0041-4360
Partes relacionadas (Oct-Dec 1977), v. 27(4) p. 397-403
Número de controle do registro IICA0700982
909 ## -
-- 202603
-- Lúcia
-- 55
-- Lúcia Elande
942 ## - ELEMENTOS DE ENTRADA ADICIONADOS (KOHA)
Fonte da classificação ou esquema de arquivamento na estante
Ocultar no OPAC Não
Tipo de material Koha Analítica
Exemplares
Situação do descarte Fonte da classificação ou esquema de arquivamento na estante Situação física Não pode ser emprestado Coleção Biblioteca de origem Biblioteca atual Localização na estante Enumeração do periódico / cronologia Total de empréstimos Data de último acesso Número do exemplar Tipo de material Koha Fonte de aquisição
      Consulta local   Biblioteca Nacional de Agricultura - Binagri Biblioteca Nacional de Agricultura - Binagri   (Oct-Dec 1977), v. 27(4) p. 397-403   23/03/2026 01 Periódicos Portaria Interministerial nº 164/94

BINAGRI

Telefone: (61)3218-2567/2388/3357/2097 - binagri@agro.gov.br

Ministério da Agricultura e Pecuária , Esplanada dos Ministérios, Bloco D, Anexo B, Brasília/DF, CEP: 70.043-900